[Event "Titled Tuesday intern op 03rd Sep Early"]
[Site "Chess.com INT"]
[Date "2024.09.03"]
[Round "6"]
[White "Hubner, Jessica Trindade"]
[Black "Wofford, Matthew R"]
[Result "0-1"]
[WhiteElo "1845"]
[BlackElo "2006"]
[PlyCount "70"]
[EventDate "2024.09.03"]
[EventType "swiss (blitz)"]
[EventRounds "11"]
[EventCountry "USA"]
[SourceTitle "EXT 2025"]
[Source "ChessBase"]
[SourceDate "2024.10.14"]
[SourceVersion "1"]
[SourceVersionDate "2024.10.14"]
[SourceQuality "1"]

1. e4 c5 2. c3 Nf6 3. e5 Nd5 4. d4 cxd4 5. cxd4 d6 6. exd6 e6 7. Nc3 Bxd6 8. Nxd5 exd5 9. Nf3 0-0 10. Bd3 Re8+ 11. Be3 Bg4 12. 0-0 Qf6 13. Be2 Nc6 14. Qb3 Rad8 15. Kh1 b6 16. Qxd5 Bxh2 17. Qb5 Bb8 18. Qg5 Bxf3 19. Qxf6 gxf6 20. Bxf3 Nxd4 21. Bg4 f5 22. Bh3 f4 23. Bxd4 Rxd4 24. Rfd1 Red8 25. Rxd4 Rxd4 26. Kg1 Rd2 27. b3 Bd6 28. Rc1 Bc5 29. Rf1 Rxa2 30. Bd7 Kg7 31. Ba4 Kf6 32. Kh2 Bxf2 33. Rd1 Bg3+ 34. Kh1 a6 35. Kg1 b5 0-1

[Event "Titled Tuesday intern op 03rd Sep Early"]
[Site "Chess.com INT"]
[Date "2024.09.03"]
[Round "5"]
[White "Vershinin, Igor1"]
[Black "Wofford, Matthew R"]
[Result "1-0"]
[WhiteElo "2285"]
[BlackElo "2006"]
[PlyCount "73"]
[EventDate "2024.09.03"]
[EventType "swiss (blitz)"]
[EventRounds "11"]
[EventCountry "USA"]
[SourceTitle "EXT 2025"]
[Source "ChessBase"]
[SourceDate "2024.10.14"]
[SourceVersion "1"]
[SourceVersionDate "2024.10.14"]
[SourceQuality "1"]

1. e4 c5 2. Nf3 d6 3. d4 cxd4 4. Nxd4 Nf6 5. Nc3 a6 6. a3 e5 7. Nf5 d5 8. Bg5 Bxf5 9. exf5 d4 10. Ne4 Be7 11. Bxf6 Bxf6 12. Bd3 Nc6 13. Qf3 0-0 14. 0-0 Re8 15. Rfe1 Rc8 16. g3 Na5 17. h4 Nc4 18. Rab1 b5 19. Kg2 Nd6 20. Nxd6 Qxd6 21. Re4 Rc5 22. Rh1 Rec8 23. g4 Rxc2 24. Bxc2 Rxc2 25. g5 Bd8 26. Qb3 Qc6 27. Rhe1 a5 28. Qf3 Bc7 29. Rxd4 Qxf3+ 30. Kxf3 h6 31. g6 fxg6 32. fxg6 Kf8 33. Rd7 Bb6 34. Re2 Rc4 35. Rxe5 Rxh4 36. Rf7+ Kg8 37. Re8# 1-0

[Event "Titled Tuesday intern op 03rd Sep Early"]
[Site "Chess.com INT"]
[Date "2024.09.03"]
[Round "1"]
[White "Wofford, Matthew R"]
[Black "Bilan, Danila"]
[Result "0-1"]
[WhiteElo "2006"]
[BlackElo "2303"]
[PlyCount "56"]
[EventDate "2024.09.03"]
[EventType "swiss (blitz)"]
[EventRounds "11"]
[EventCountry "USA"]
[SourceTitle "EXT 2025"]
[Source "ChessBase"]
[SourceDate "2024.10.14"]
[SourceVersion "1"]
[SourceVersionDate "2024.10.14"]
[SourceQuality "1"]

1. e4 c6 2. d4 d5 3. e5 c5 4. Nf3 Nc6 5. Bb5 Bg4 6. dxc5 e6 7. b4 Nge7 8. Nbd2 Ng6 9. h3 Bxf3 10. Nxf3 Be7 11. 0-0 Qc7 12. Re1 0-0 13. Bxc6 Qxc6 14. Nd4 Qc7 15. Qe2 a5 16. c3 b6 17. Nb5 Qc6 18. cxb6 axb4 19. Bb2 Qxb6 20. cxb4 Bxb4 21. Reb1 Bc5 22. a4 Rfb8 23. g3 Ne7 24. Kg2 Nc6 25. Bc3 Qd8 26. Qd3 Qe7 27. f4 Qd7 28. Nd4 g6 0-1

[Event "Titled Tuesday intern op 03rd Sep Early"]
[Site "Chess.com INT"]
[Date "2024.09.03"]
[Round "7"]
[White "Wofford, Matthew R"]
[Black "Lopez Abreu, Michel Samuel"]
[Result "1-0"]
[WhiteElo "2006"]
[BlackElo "2038"]
[PlyCount "69"]
[EventDate "2024.09.03"]
[EventType "swiss (blitz)"]
[EventRounds "11"]
[EventCountry "USA"]
[SourceTitle "EXT 2025"]
[Source "ChessBase"]
[SourceDate "2024.10.14"]
[SourceVersion "1"]
[SourceVersionDate "2024.10.14"]
[SourceQuality "1"]

1. e4 c6 2. d4 d5 3. e5 c5 4. Nf3 Nc6 5. Bb5 Qb6 6. a4 Bg4 7. dxc5 Qxc5 8. 0-0 e6 9. Be3 Qe7 10. Nbd2 Qc7 11. Re1 Nge7 12. h3 Bh5 13. c3 a6 14. Bxc6+ Nxc6 15. Bf4 Be7 16. c4 Rd8 17. Qc2 0-0 18. c5 Bg6 19. Qc3 h6 20. b4 Na7 21. Rac1 b6 22. c6 Rc8 23. Nd4 b5 24. axb5 Nxb5 25. Nxb5 axb5 26. Nb3 Rfe8 27. Nd4 Qb6 28. Be3 Bg5 29. f4 Bd8 30. Nxe6 Qa5 31. Nd4 Qc7 32. f5 Bh7 33. Bf4 Be7 34. g3 Qb6 35. e6 1-0

[Event "Titled Tuesday intern op 03rd Sep Early"]
[Site "Chess.com INT"]
[Date "2024.09.03"]
[Round "9"]
[White "Wofford, Matthew R"]
[Black "Slovineanu, Viacheslav"]
[Result "0-1"]
[WhiteElo "2006"]
[BlackElo "2412"]
[PlyCount "74"]
[EventDate "2024.09.03"]
[EventType "swiss (blitz)"]
[EventRounds "11"]
[EventCountry "USA"]
[SourceTitle "EXT 2025"]
[Source "ChessBase"]
[SourceDate "2024.10.14"]
[SourceVersion "1"]
[SourceVersionDate "2024.10.14"]
[SourceQuality "1"]

1. e4 c6 2. d4 d5 3. e5 Bf5 4. Nf3 e6 5. Be2 Nd7 6. 0-0 a6 7. a4 h6 8. a5 c5 9. c3 Bxb1 10. Rxb1 Qxa5 11. Bf4 Ne7 12. b4 cxb4 13. cxb4 Qb6 14. Qa4 Nf5 15. Be3 Be7 16. Rfc1 Rd8 17. b5 a5 18. Bd2 0-0 19. g4 Nh4 20. Bxa5 Ra8 21. Bxb6 Rxa4 22. Rc7 Nxb6 23. Rxe7 Nxf3+ 24. Bxf3 Rb8 25. Rc1 Rxd4 26. Rcc7 Rf4 27. Kg2 Nc4 28. Kg3 g5 29. Rxb7 Rxb7 30. Rxb7 Nxe5 31. Be2 Rb4 32. Rb8+ Kg7 33. Rb7 Rb3+ 34. Kg2 Rb2 35. Bf1 Nxg4 36. Kf3 Nxh2+ 37. Ke3 Nxf1+ 0-1

[Event "Titled Tuesday intern op 27th Aug Early"]
[Site "Chess.com INT"]
[Date "2024.08.27"]
[Round "1"]
[White "Wofford, Matthew R"]
[Black "Spata, German"]
[Result "1-0"]
[WhiteElo "2006"]
[BlackElo "2399"]
[PlyCount "63"]
[EventDate "2024.08.27"]
[EventType "swiss (blitz)"]
[EventRounds "11"]
[EventCountry "USA"]
[SourceTitle "EXT 2025"]
[Source "ChessBase"]
[SourceDate "2024.10.14"]
[SourceVersion "1"]
[SourceVersionDate "2024.10.14"]
[SourceQuality "1"]

1. e4 e6 2. d4 d5 3. e5 b6 4. a4 a5 5. Nf3 Qd7 6. Bd3 Ba6 7. 0-0 Ne7 8. Na3 Nf5 9. Nb5 c6 10. Nc3 Be7 11. Re1 Bxd3 12. Qxd3 c5 13. Nb5 Nxd4 14. Nfxd4 cxd4 15. Qg3 g6 16. Bh6 Bf8 17. Bg5 Be7 18. Bf6 0-0 19. Qg5 Re8 20. Ra3 Nc6 21. Rh3 Bf8 22. Qh4 h6 23. Nxd4 Nxd4 24. Qxd4 Bg7 25. Qf4 h5 26. g4 Bxf6 27. exf6 Qd8 28. gxh5 Rc8 29. hxg6 fxg6 30. Rh8+ Kxh8 31. Qh6+ Kg8 32. Qg7# 1-0

[Event "Titled Tuesday intern op 18th Jun Late"]
[Site "Chess.com INT"]
[Date "2024.06.18"]
[Round "8"]
[White "Novak, Ratko"]
[Black "Wofford, Matthew R"]
[Result "0-1"]
[WhiteElo "2034"]
[BlackElo "2006"]
[PlyCount "116"]
[EventDate "2024.06.18"]
[EventType "swiss (blitz)"]
[EventRounds "11"]
[EventCountry "USA"]
[SourceTitle "EXT 2025"]
[Source "ChessBase"]
[SourceDate "2024.10.14"]
[SourceVersion "1"]
[SourceVersionDate "2024.10.14"]
[SourceQuality "1"]

1. d4 Nf6 2. c4 e6 3. Bg5 h6 4. Bxf6 Qxf6 5. Nf3 g6 6. e4 Bg7 7. e5 Qe7 8. Nc3 0-0 9. Bd3 d6 10. 0-0 Nd7 11. exd6 cxd6 12. Re1 a6 13. Qc2 b6 14. b4 Bb7 15. d5 e5 16. a4 f5 17. Nd2 Rae8 18. f3 Qf6 19. Rac1 h5 20. Ne2 Bh6 21. Ng3 h4 22. Ne2 Qg5 23. Rcd1 Nf6 24. Nc3 Nh5 25. Nf1 Nf4 26. Kh1 Bc8 27. Qf2 Bg7 28. Ne2 e4 29. Nxf4 Qxf4 30. Bb1 Bc3 31. Re2 exf3 32. Rxe8 Rxe8 33. Qxf3 Qxf3 34. gxf3 Bxb4 35. Nd2 Bxd2 36. Bxf5 Bxf5 37. Rxd2 h3 38. Kg1 Re1+ 39. Kf2 Rc1 40. Rd4 Rc2+ 41. Kg3 Rg2+ 42. Kf4 Rxh2 43. Kg5 Kf7 44. Rh4 Rg2+ 45. Kf4 h2 46. Rh7+ Kf6 47. Ke3 Ra2 48. Kf4 Rxa4 49. Rxh2 Rxc4+ 50. Ke3 Rc5 51. Rd2 a5 52. Kf4 a4 53. Rb2 b5 54. Rd2 a3 55. Ke3 Rc4 56. Ra2 Ra4 57. Rd2 b4 58. Kd4 a2 0-1

[Event "Titled Tuesday intern op 18th Jun Late"]
[Site "Chess.com INT"]
[Date "2024.06.18"]
[Round "5"]
[White "Wofford, Matthew R"]
[Black "D'Arruda, Ricardo D"]
[Result "0-1"]
[WhiteElo "2006"]
[BlackElo "2271"]
[PlyCount "74"]
[EventDate "2024.06.18"]
[EventType "swiss (blitz)"]
[EventRounds "11"]
[EventCountry "USA"]
[SourceTitle "EXT 2025"]
[Source "ChessBase"]
[SourceDate "2024.10.14"]
[SourceVersion "1"]
[SourceVersionDate "2024.10.14"]
[SourceQuality "1"]

1. e4 c5 2. Nf3 Nc6 3. Bb5 g6 4. 0-0 Bg7 5. Re1 e5 6. Bxc6 bxc6 7. c3 Ne7 8. d4 cxd4 9. cxd4 exd4 10. Nxd4 Qb6 11. e5 0-0 12. Nc3 Qc7 13. Bf4 Ba6 14. Qd2 Qa5 15. Nb3 Qd8 16. Rad1 Bc4 17. Nc5 Be6 18. N5e4 Nd5 19. Bg3 f5 20. Nxd5 Bxd5 21. Nd6 Bxa2 22. Ra1 Be6 23. f4 Rb8 24. Bf2 a5 25. Rxa5 Rxb2 26. Qxb2 Qxa5 27. Ra1 Qd5 28. h3 g5 29. Be3 Qd3 30. Qf2 Rb8 31. Kh2 Qc3 32. Rc1 Qb2 33. Bd4 Qxc1 34. fxg5 Rb1 35. Qh4 Qh1+ 36. Kg3 Qe1+ 37. Bf2 Bxe5+ 0-1

[Event "Titled Tuesday intern op 02nd Jan Late"]
[Site "Chess.com INT"]
[Date "2024.01.02"]
[Round "7"]
[White "Sarkar, Justin"]
[Black "Wofford, Matthew R"]
[Result "1-0"]
[WhiteElo "2272"]
[BlackElo "1993"]
[PlyCount "57"]
[EventDate "2024.01.02"]
[EventType "swiss (blitz)"]
[EventRounds "11"]
[EventCountry "USA"]
[SourceTitle "EXT 2025"]
[Source "ChessBase"]
[SourceDate "2024.10.14"]
[SourceVersion "1"]
[SourceVersionDate "2024.10.14"]
[SourceQuality "1"]

1. e4 c5 2. Nf3 d6 3. d4 cxd4 4. Nxd4 Nf6 5. Nc3 a6 6. Be3 Ng4 7. Bg5 h6 8. Bh4 g5 9. Bg3 Bg7 10. Be2 Ne5 11. h4 Nbc6 12. Nf5 Bxf5 13. exf5 e6 14. fxe6 fxe6 15. hxg5 hxg5 16. Rxh8+ Bxh8 17. Bh5+ Kd7 18. Ne4 Kc7 19. c3 Bg7 20. Qd2 g4 21. 0-0-0 d5 22. Nc5 Qe7 23. Nd3 Rh8 24. Bxg4 Kc8 25. Nxe5 Nxe5 26. Be2 Qf6 27. Kb1 Bh6 28. Qd4 Qf5+ 29. Ka1 1-0

[Event "Titled Tuesday intern op 02nd Jan Late"]
[Site "Chess.com INT"]
[Date "2024.01.02"]
[Round "10"]
[White "Wofford, Matthew R"]
[Black "Kornyukov, Alexey"]
[Result "1-0"]
[WhiteElo "1993"]
[BlackElo "2452"]
[PlyCount "57"]
[EventDate "2024.01.02"]
[EventType "swiss (blitz)"]
[EventRounds "11"]
[EventCountry "USA"]
[SourceTitle "EXT 2025"]
[Source "ChessBase"]
[SourceDate "2024.10.14"]
[SourceVersion "1"]
[SourceVersionDate "2024.10.14"]
[SourceQuality "1"]

1. e4 c5 2. Nf3 Nc6 3. Bb5 e6 4. 0-0 Nge7 5. Re1 a6 6. Bf1 Ng6 7. c3 Be7 8. d4 d6 9. a4 0-0 10. g3 d5 11. e5 cxd4 12. cxd4 f6 13. exf6 Bxf6 14. Be3 e5 15. dxe5 Ngxe5 16. Nxe5 Bxe5 17. Bg2 d4 18. Bd2 Qf6 19. f4 Bc7 20. Na3 Bf5 21. Nc4 d3 22. Bxc6 Qxc6 23. Ne5 Bxe5 24. Rxe5 Bh3 25. Qb3+ Kh8 26. Qd5 Qc2 27. Bc3 Rad8 28. Qxb7 d2 29. Rd5 1-0